| 000 | 00456nam a2200193Ia 4500 | ||
|---|---|---|---|
| 005 | 20240823045419.0 | ||
| 008 | 240823s9999||||xx |||||||||||||| ||und|| | ||
| 020 | _a81-88458-03-1 | ||
| 041 | _aENGLISH | ||
| 082 | _A629.8 P4 | ||
| 100 | _aHasan Saeed S | ||
| 245 | 0 | _aAutomatic Control Systems | |
| 250 | _aII | ||
| 260 |
_c2004 _b"Kataria S K," _aDelhi |
||
| 500 | _aYES | ||
| 650 |
_aControl System _bElectronics |
||
| 942 | _cBK | ||
| 999 |
_c214902 _d214902 |
||